| 000 | 01054cam a22002531 4500 | ||
|---|---|---|---|
| 001 | gs 42000085 | ||
| 003 | DLC | ||
| 005 | 20260227111347.0 | ||
| 008 | 771118m19341977gw af b 000 0 ger c | ||
| 010 | _ags 42000085 | ||
| 035 | _a(OCoLC)3429127 | ||
| 040 |
_aU. S. Geol. Survey. Library _cCCC _dOCoLC _dDLC |
||
| 042 | _apremarc | ||
| 050 | 0 | 0 |
_aQE269 _b.A14 hft. 161, etc. |
| 100 | 1 |
_aWeyland, Hermann, _d1888- |
|
| 245 | 0 | 0 |
_aBeiträge zur Kenntis der rheinischen Tertiärflora ... _cvon Hermann Weyland. Hrsg. von der Preussischen Geologischen Landesanstalt. |
| 260 |
_aBerlin, _bIm Vertrieb bei der Preussischen Geologischen Landesanstalt, _c1934- |
||
| 300 |
_a v. _billus., pl., tables, diagrs. _c23 cm. |
||
| 490 | 0 |
_aAdded t.-p.: Prussia. Geologische Landesanstalt. Abhandlung, _vn.f., Hft. 161 |
|
| 504 | _a"Schriftenverzeichnis": v. 1, p. 113-116. | ||
| 505 | 0 | _aI. Floren aus den Kieseloolith- und Braunkohlenschicten der niederrheinischen Bucht. | |
| 650 | 0 |
_aPaleobotany _yTertiary. |
|
| 650 | 0 |
_aPaleobotany _zGermany _zRhine Province. |
|
| 999 |
_c27772 _d27772 |
||